On the identification of endemism (Registro nro. 13505)

Detalles MARC
000 -CABECERA
Campo de control 002760000a22001090004500
090 ## - CLASIFICACIÓN LOCAL
Colección AR
Consecutivo 04408
041 0# - IDIOMA
Código de idioma para texto/pista de sonido o título separado
100 1# - ASIENTO PRINCIPAL--NOMBRE PERSONAL
Nombre personal Morrone, Juan J.
245 10 - MENCION DE TITULO
Título On the identification of endemism
773 1# - Item fuente:
Título Systematic Biology
Descripción física 3
Paginas del Articulo 438-441
Lugar, editorial y fecha de publicación 1994
Información sobre la relación 43
942 ## - ELEMENTOS ADICIONALES (KOHA)
Tipo de ítem Artículo
Existencias
Withdrawn status Lost status Damaged status No para préstamo Colección Ubicación Permanente Ubicación actual Fecha de adquisición Datos de publicación Seriada Total Checkouts Número topográfico Inventario / Código de Barras Date last seen Ejemplar Price effective from Forma de adquisición Tipo de material
      No para Préstamo Hemeroteca Bogotá Bogotá 26/06/2007 Fuera de circulación   AR 04408 024614 25/03/2015 1 25/03/2015   Artículo